000 00472nam a2200181Ia 4500
001 9322
005 20260306161710.0
008 260306t1969||||xx |||||||||||||| ||spa||
041 _aESP
082 _a378.004
_bS21
100 _aSanabria, José María
_eAUT
245 0 _aLa educación en la sociedad industrial:
_bpautas para un plan de estudios
260 _c1969
300 _a129 páginas :
_c19 cm.
650 _aGEN
654 _aCED
942 _cLIB
_dJUS
_fJUS
_2ddc
_n
999 _c9322
_d9322